Rocky Horror Picture Show - Sweet Transvestite Lyrics - Statistics

General Stats
  • This quiz has been taken 71 times
  • The average score is 219 of 289
Answer Stats
Answer % Correct
a
98%
from
98%
From
98%
I
98%
I'm
98%
just
98%
sweet
98%
Sweet
98%
you
98%
You
98%
do
95%
the
95%
transvestite
95%
Transylvania
95%
me
93%
see
93%
by
90%
By
90%
ha
90%
How
90%
how
90%
man
90%
Transexual
90%
he
88%
my
88%
night
88%
Night
88%
We
88%
we
88%
be
86%
bit
86%
Don't
86%
don't
86%
dont
86%
of
86%
to
86%
an
83%
candy
83%
not
83%
on
83%
were
83%
We're
83%
where
83%
with
83%
hell
81%
it
81%
Maybe
81%
maybe
81%
met
81%
but
79%
But
79%
go
79%
light
79%
lover
79%
thought
79%
you've
79%
handyman
76%
in
76%
So
76%
for
74%
get
74%
We'll
74%
Well
74%
your
74%
book
71%
cover
71%
day
71%
faithful
71%
He's
71%
he's
71%
I'll
71%
judge
71%
show
71%
when
71%
cause
69%
look
69%
much
69%
way
69%
bite
67%
Bite
67%
it's
67%
little
67%
stay
67%
about
64%
and
64%
one
64%
phone
64%
that
64%
use
64%
all
62%
caught
62%
knocked
62%
Or
62%
at
60%
both
60%
flat
60%
got
60%
hurry
60%
Let
60%
satanic
60%
Why
60%
could
57%
Could
57%
down
57%
strung
57%
up
57%
are
55%
around
55%
because
55%
car
55%
glad
55%
groovy
55%
hair
55%
home
55%
really
55%
Steve
55%
tan
55%
want
55%
alright
52%
been
52%
brought
52%
I've
52%
making
52%
mechanic
52%
movie
52%
out
52%
panic
52%
shiver
52%
then
52%
babies
50%
back
50%
blonde
50%
old
50%
too
50%
worry
50%
good
48%
it'll
48%
lab
48%
like
48%
pretty
48%
take
48%
tension
48%
antici
45%
come
45%
if
45%
obsession
45%
say
45%
seem
45%
slab
45%
something
45%
symptom
45%
whats
45%
abysmal
43%
any
43%
pation
43%
play
43%
visual
43%
rain
40%
Reeves
40%
remove
40%
Right
40%
you're
40%
blame
38%
that's
38%
relieving
36%
sound
36%
favourite
33%
isnt
33%
Hit
29%
d'you
24%
No matching quizzes found
Score Distribution
Percent of People with Each Score
Percentile by Number Answered
Your Score History
You have not taken this quiz